| 000 | 006040000a22001930004500 | ||
|---|---|---|---|
| 003 | LK-CoMWRAF | ||
| 005 | 20231214225703.0 | ||
| 008 | 230817t2000 ||||| |||| 00| 0 eng d | ||
| 040 |
_aLK-CoMWRAF _dLK-CoMWRAF _eLK-CoMWRAF |
||
| 041 | _aeng | ||
| 082 |
_a305.486 _bNAI |
||
| 100 | _a Nainar, Vahida | ||
| 245 |
_a Muslim women's views on personal laws : _b the influence of socio-economic factors |
||
| 260 |
_aBombay: _bWomen's Research and Action Group, _c2000 |
||
| 300 | _a56, [38] p. ; 28 cm | ||
| 650 | _aMuslim women- Legal status, laws, | ||
| 650 | _aPersons (Islamic law)- India | ||
| 942 | _cBK | ||
| 999 |
_c661 _d661 |
||